00900nam a2200253 a 450000100060000000300080000600500170001400800410003103500190007204000380009104100080012908200250013710000300016224500990019226000470029130000320033850000190037050400260038965000310041565000290044694200120047599900170048795201420050442618BD-RjUL20211209053551.0160614s1954 ctua b 001 0 eng  a(BD-RjUL)42736 aDLCcMHdOCoLCdDLCdBD-RjULbeng aeng a338.54223bROE 19541 aRoose, Kenneth D.913102114aThe economics of recession and revival :ban interpretation of 1937-38 /cby, Kenneth D. Roose aNew Haven :bYale University Press,c1954. axi, 280 p. :bill ;c25 cm. aIncludes Index aIncludes Bibliography 0aDepressionsy1937.9131023 0aBusiness cycles.9130599 2ddccBK c42618d42618 00102ddc40708NFICaRUCLbRUCLcStackd1956-06-07eM. N. Suppliesg31.00l0o338.54 ROE 1954r2016-06-14 00:00:00tC-2w2016-06-14yBK